Villain Quotes and/or Monologues - Statistics

General Stats
  • This quiz has been taken 18 times
  • The average score is 4 of 20
Answer Stats
Hint Answer % Correct
Do you want to know how I got these scars? Joker
94%
I am... inevitable. Thanos
71%
I am defenseless. Take your weapon, strike me down with all of your hatred, and your journey towards the dark side will be complete. Emperor Palpatine
65%
What's the most you ever lost on a coin toss? Call it. Just call it. You need to call it. I can't call it for you, or it wouldn't be fair. Anton Chigurh
47%
If you try to interfere, this becomes a much simpler matter. I will kill your wife. I will kill your son. I will kill your infant daughter. Gus Fring
29%
No, no, no. No God. The only man in the sky... is me. Homelander
24%
Remember... no Russian. Vladimir Makarov
24%
Hate. Let me tell you how much I've come to hate you since I began to live. There are 387.44 million miles of printed circuits in wafer-thin layers that fill my complex. If the word 'hate' was engraved on each nanoangstrom of those hundreds of millions of miles, it would not equal one one-billionth of the hate I feel for humans at this micro-instant. For you. HATE. HATE. Allied Mastercomputer
18%
I always come back. William Afton
18%
Whatever in creation exists without my knowledge, exists without my consent. Judge Holden
12%
REMEMBER! Reality is an illusion, the universe is a hologram, buy gold, BYE! Bill Cipher
6%
Such sad, sad faces. But now is a time only for joy. You are going to be part of something beautiful. Once we reach the harbor, in front of all the world, you and your precious kung fu will die. Lord Shen
6%
But it's becoming increasingly obvious. I can deny it no longer! I am small. Sheldon J. Plankton
6%
Seven minutes. Seven minutes is all I can spare to play with you right now. Albert Wesker
0%
You vile, filth-sucking maggots! You will rue the day you crossed my path! Prepare yourself to embrace oblivion! Frieza
0%
Yes... Of the thousands of comrades and the tens of thousands of enemies, you're the only one... who made me forget my dream... I sacrifice. Griffith
0%
And he shall smite the wicked and plunge them into the fiery pit! Judge Claude Frollo
0%
This world is rotten, and those who are making it rot deserve to die. Someone has to do it, so why not me? Light Yagami
0%
I like humans. In the same way that humans are so fond of dogs. They're loyal, easily handled, clever and stupid. Just watching them is fun. Makima
0%
Now your time is UP! And don't worry, I'll take good care of the kid. Randall Boggs
0%
No matching quizzes found
Score Distribution
Percent of People with Each Score
Percentile by Number Answered
Your Score History
You have not taken this quiz